000 01059naa a22003257a 4500
001 BR6800258
003 BR-BrBNA
005 20240918173323.0
007 ta
008 230509b bl.||||| |||| 00| 0 por d
040 _aBR-BrBNA
_bpor
_cBiblioteca Nacional de Agricultura
041 _a(Pt)
072 _aL74
_b5212
_b5240
_b3735
_bG514
090 _aL74 BR6800258
100 1 _aTokarnia, C.H.
100 1 _aCanella, C.F.C.
100 1 _aGuimaraes, J.A.
100 1 _aDobereiner, J.
245 1 _aDeficiencias minerais em ruminantes [Brasil]
260 3 _aBrasilia, DF (Brasil):
_c1968.
500 _aLivro anual da agricultura - 1968. Revolucao tecnologica Brasilia, DF (Brasil): 1968. p. 305-311 (BR6800258-AM)L74
650 _aDisturbio animal
650 _aBovino
650 _aOvino
650 _aMineral
650 _aDeficiencia mineral
773 0 _tLivro anual da agricultura - 1968. Revolucao tecnologica
_wL74 BR6800258
_gBrasilia, DF (Brasil), 1968. p. 305-311
909 _a202404
_bLucia
_c55
_dLucia Elande
942 _cAM
_2AGRIS
999 _c303963
_d303963